Taylor Swift - Long Live Lyrics - Statistics

General Stats
  • This quiz has been taken 468 times
  • The average score is 380 of 440
Answer Stats
Answer % Correct
the
100%
The
100%
a
99%
I
99%
live
98%
Long
98%
long
98%
my
98%
we
98%
We
98%
an
97%
and
97%
And
97%
in
96%
of
96%
Of
96%
with
96%
you
96%
You
96%
remember
95%
When
95%
when
95%
all
94%
be
94%
for
94%
this
94%
"This
94%
moment
93%
moment?
93%
name
93%
On
93%
on
93%
time
93%
wild
93%
crowds
92%
had
92%
How
92%
how
92%
life
92%
me
92%
shine
92%
they
92%
went
92%
to
91%
back
90%
our
90%
dragons
89%
mind
89%
queens
89%
said
89%
them
89%
was
89%
were
89%
will
89%
Will
89%
your
89%
kings
88%
tell
88%
Tell
88%
just
87%
screaming
87%
Screaming
87%
made
86%
through
86%
day
85%
fighting
85%
remembered
85%
walls
85%
pictures
84%
One
83%
crashed
82%
is
82%
kingdom
81%
light
81%
please
81%
pretenders
80%
stand
80%
but
79%
But
79%
hope
79%
lights
79%
have
78%
if
78%
If
78%
magic
78%
shined
78%
hands
77%
It
77%
like
77%
bring
76%
that
76%
That
76%
up
76%
children
75%
feeling
75%
i'm
75%
absurd"
74%
crown
74%
held
74%
stood
74%
us
74%
age
73%
face
73%
look
73%
names
73%
point
73%
end
72%
shaking
72%
someday
72%
world
72%
are
71%
decade
71%
head
71%
not
71%
start
71%
book
70%
by
70%
got
70%
hero
70%
history
70%
never
70%
page
70%
rule
70%
would
70%
baseball
69%
same
69%
cap
68%
mountains
68%
off
68%
Promise
68%
afraid
67%
'Cause
67%
jeans
67%
memories
67%
you'll
67%
around
66%
forever
66%
God
66%
moved
66%
read
65%
town
65%
night
64%
now
64%
knew
63%
lives
63%
should
63%
traded
63%
forbid
62%
right
62%
stands
62%
outraged
61%
step
61%
fall
60%
fate
60%
ground
60%
ripped
60%
there
60%
gave
59%
passed
59%
Confetti
58%
goodbye
58%
into
58%
trophies
57%
force
56%
Hold
56%
wishing
56%
band
55%
falls
55%
these
55%
take
54%
thieves
53%
cynics
51%
danced
51%
spinning
50%
sidelines
49%
years
43%
break
42%
Singing
41%
May
39%
No matching quizzes found
Score Distribution
Percent of People with Each Score
Percentile by Number Answered
Your Score History
You have not taken this quiz